Dictamen de... Don Nicolás María Rivero, Don Antonio Aparisi y Guijarro, Don Juan González Acevedo y Don Manuel Silvela, con otro de adhesión del Señor Don Juan Martín Carramolino, acerca de si procedería con buen éxito el recurso de casación interpuesto por Don Luis Page en el pleito promovido en su representación contra D. Gregorio López Mollinedo y, por su fallecimiento, contra su Sra. Viuda y herederos, y contra la Sociedad del Crédito Moviliario Español, sobre la nulidad del remate en subasta judicial voluntaria de la fábrica, privilegio exclusivo y todas las pertenencias de la primitiva Compañía Madrileña para el alumbrado de gas en Madrid. (Record no. 153475)

MARC details
000 -LEADER
campo de control de longitud fija 01911nam a2200301 i 4500
001 - NÚMERO DE CONTROL
campo de control 153475
003 - IDENTIFICADOR DE NÚMERO DE CONTROL
campo de control ES-MaACL
005 - FECHA Y HORA DE LA ÚLTIMA TRANSACCIÓN
campo de control 20250919134557.0
008 - DATOS DE LONGITUD FIJA--INFORMACIÓN GENERAL
campo de control de longitud fija 030828s1869 sp |||| | spa d
080 ## - NÚMERO DE LA CLASIFICACIÓN DECIMAL UNIVERSAL
Número de la Clasificación Decimal Universal 34.096 Sociedad Madrileña para el Alumbrado de Gas
245 00 - MENCIÓN DEL TÍTULO
Título Dictamen de... Don Nicolás María Rivero, Don Antonio Aparisi y Guijarro, Don Juan González Acevedo y Don Manuel Silvela, con otro de adhesión del Señor Don Juan Martín Carramolino, acerca de si procedería con buen éxito el recurso de casación interpuesto por Don Luis Page en el pleito promovido en su representación contra D. Gregorio López Mollinedo y, por su fallecimiento, contra su Sra. Viuda y herederos, y contra la Sociedad del Crédito Moviliario Español, sobre la nulidad del remate en subasta judicial voluntaria de la fábrica, privilegio exclusivo y todas las pertenencias de la primitiva Compañía Madrileña para el alumbrado de gas en Madrid.
260 ## - PUBLICACIÓN, DISTRIBUCIÓN, ETC.
Lugar de publicación, distribución, etc. Madrid :
Nombre del editor, distribuidor, etc. [s.n.],
Fecha de publicación, distribución, etc. 1869 (
Fabricante Imp. y Estereotipia de M. Rivadeneyra)
300 ## - DESCRIPCIÓN FÍSICA
Extensión 27 p., [3] h. pleg. ;
Dimensiones 31 cm.
594 ## - Nota al título y mención de responsabilidad
Nota al título y mención de responsabilidad Precede al tít.: "Gas de Madrid. Primitivos accionistas"
610 24 - PUNTO DE ACCESO ADICIONAL DE MATERIA--NOMBRE DE ENTIDAD CORPORATIVA
Nombre de entidad corporativa o nombre de jurisdicción como elemento de entrada Sociedad Madrileña para el Alumbrado de Gas.
9 (RLIN) 174825
610 24 - PUNTO DE ACCESO ADICIONAL DE MATERIA--NOMBRE DE ENTIDAD CORPORATIVA
Nombre de entidad corporativa o nombre de jurisdicción como elemento de entrada Sociedad General de Crédito Mobiliario Español.
9 (RLIN) 164321
650 #4 - PUNTO DE ACCESO ADICIONAL DE MATERIA--TÉRMINO DE MATERIA
Término de materia o nombre geográfico como elemento de entrada Casación civil-
Subdivisión geográfica España.
9 (RLIN) 149475
700 1# - ENTRADA AGREGADA--NOMBRE PERSONAL
Nombre de persona Rivero, Nicolás María,
Fechas asociadas al nombre 1814-1878
9 (RLIN) 97688
700 1# - ENTRADA AGREGADA--NOMBRE PERSONAL
Nombre de persona Aparisi y Guijarro, Antonio,
Fechas asociadas al nombre 1815-1872
9 (RLIN) 22085
700 1# - ENTRADA AGREGADA--NOMBRE PERSONAL
Nombre de persona González Acevedo, Juan.
9 (RLIN) 58397
700 1# - ENTRADA AGREGADA--NOMBRE PERSONAL
Nombre de persona Silvela, Manuel,
Fechas asociadas al nombre 1830-1892
9 (RLIN) 141412
700 1# - ENTRADA AGREGADA--NOMBRE PERSONAL
Nombre de persona Martín Carramolino, Juan,
Fechas asociadas al nombre 1805-1884
9 (RLIN) 77431
700 1# - ENTRADA AGREGADA--NOMBRE PERSONAL
Nombre de persona Page, Luis.
9 (RLIN) 130768
700 1# - ENTRADA AGREGADA--NOMBRE PERSONAL
Nombre de persona López Mollinedo, Gregorio.
9 (RLIN) 129211
710 2# - ENTRADA AGREGADA--NOMBRE DE ENTIDAD CORPORATIVA
Nombre de entidad corporativa o nombre de jurisdicción como elemento de entrada Sociedad General de Crédito Mobiliario Español.
9 (RLIN) 164321
852 4# - LOCALIZACIÓN
Ubicación ES-MaACL
Número de control de estantería T-99-F-3
Nota libre - Enc. hol.
-- - Enc. en un vol. facticio
Holdings
Estatus retirado Estado de pérdida Estado de daño No para préstamo Colección Biblioteca de origen Biblioteca actual Ubicación en estantería Fecha de adquisición Total de préstamos Signatura topográfica completa Código de barras Visto por última vez Precio de reemplazo Tipo de ítem Koha
        Colección de folletos Biblioteca del Ateneo de Madrid Biblioteca del Ateneo de Madrid Depósito folletos 17/01/2008   T-99-F-3 1160402 23/02/2023 23/02/2023 Folleto